| 000 | nam a22 7a 4500 | ||
|---|---|---|---|
| 999 |
_c173093 _d173093 |
||
| 003 | Nust | ||
| 005 | 20170118131603.0 | ||
| 008 | 170118b xxu||||| |||| 00| 0 eng d | ||
| 040 |
_aS3H _c0 |
||
| 082 | _a333.7 | ||
| 100 | _4Surinder Pal Singh | ||
| 245 |
_aRural development policies and strategies _cSurinder Pal Singh |
||
| 260 |
_aNew Delhi _bRandom publications _c2015 |
||
| 300 | _a273p | ||
| 942 |
_2ddc _cBK |
||